Сопоставление объективных и субъективных оценок благополучия населения в странах Европы; Экономика, управление, финансы

Bibliografske podrobnosti
Parent link:Экономика, управление, финансы.— 2015.— [С. 29-31]
Glavni avtor: Золотарева Г. А. Галина Алексеевна
Korporativna značnica: Национальный исследовательский Томский политехнический университет (ТПУ) Институт социально-гуманитарных технологий (ИСГТ) Кафедра экономики (ЭКОН)
Drugi avtorji: Зайковская А. С. Анастасия Станиславовна
Izvleček:Заглавие с экрана
Режим доступа: по договору с организацией-держателем ресурса
Jezik:ruščina
Izdano: 2015
Serija:Экономическое развитие и рост
Teme:
Online dostop:http://elibrary.ru/item.asp?id=23359106
Format: Elektronski Book Chapter
KOHA link:https://koha.lib.tpu.ru/cgi-bin/koha/opac-detail.pl?biblionumber=647868

MARC

LEADER 00000naa0a2200000 4500
001 647868
005 20250620134317.0
035 |a (RuTPU)RU\TPU\network\13025 
035 |a RU\TPU\network\12371 
090 |a 647868 
100 |a 20160426d2015 k y0rusy50 ca 
101 0 |a rus 
102 |a RU 
135 |a drcn ---uucaa 
181 0 |a i  
182 0 |a b 
200 1 |a Сопоставление объективных и субъективных оценок благополучия населения в странах Европы  |f Г. А. Золотарева, А. С. Зайковская 
203 |a Текст  |c электронный 
225 1 |a Экономическое развитие и рост 
300 |a Заглавие с экрана 
320 |a [Библиогр.: 7 назв.] 
333 |a Режим доступа: по договору с организацией-держателем ресурса 
463 |t Экономика, управление, финансы  |o  материалы IV Международной научной конференции, Пермь, 20-23 апреля 2015 г.  |v [С. 29-31]  |d 2015 
610 1 |a электронный ресурс 
610 1 |a труды учёных ТПУ 
610 1 |a население 
610 1 |a страны Европы 
610 1 |a экономическое благополучие 
610 1 |a социальное благополучие 
700 1 |a Золотарева  |b Г. А.  |c экономист  |c доцент Томского политехнического университета, кандидат экономических наук  |f 1957-  |g Галина Алексеевна  |3 (RuTPU)RU\TPU\pers\29064 
701 1 |a Зайковская  |b А. С.  |g Анастасия Станиславовна 
712 0 2 |a Национальный исследовательский Томский политехнический университет (ТПУ)  |b Институт социально-гуманитарных технологий (ИСГТ)  |b Кафедра экономики (ЭКОН)  |3 (RuTPU)RU\TPU\col\18375 
801 2 |a RU  |b 63413507  |c 20160426  |g RCR 
850 |a 63413507 
856 4 |u http://elibrary.ru/item.asp?id=23359106 
942 |c CF